000 00293nam a22001337a 4500
008 170727b xxu||||| |||| 00| 0 eng d
020 _a3540543058
041 _aeng
080 _a004
100 _a31
101 _aSHK
245 _aTRUTH MAINTENANCE SYSTEMS
_cMARTINS,J.P
942 _2udc
_cBK
999 _c22056
_d22056